Micromechatronics : (Record no. 175524)

000 -LEADER
fixed length control field 01456 a2200241 4500
003 - CONTROL NUMBER IDENTIFIER
control field Nust
005 - DATE AND TIME OF LATEST TRANSACTION
control field 20220802120743.0
010 ## - LIBRARY OF CONGRESS CONTROL NUMBER
LC control number 2003055801
020 ## - INTERNATIONAL STANDARD BOOK NUMBER
International Standard Book Number 084931593X
040 ## - CATALOGING SOURCE
Transcribing agency Nust
082 00 - DEWEY DECIMAL CLASSIFICATION NUMBER
Classification number 621,GIU
100 1# - MAIN ENTRY--PERSONAL NAME
Personal name Giurgiutiu, Victor.
9 (RLIN) 96236
245 10 - TITLE STATEMENT
Title Micromechatronics :
Remainder of title modeling, analysis, and design with MATLAB /
Statement of responsibility, etc. Victor Giurgiutiu, Sergey Edward Lyshevski.
260 ## - PUBLICATION, DISTRIBUTION, ETC.
Place of publication, distribution, etc. Boca Raton, Fla. :
Name of publisher, distributor, etc. CRC Press,
Date of publication, distribution, etc. c2004.
300 ## - PHYSICAL DESCRIPTION
Extent 828 p. :
Other physical details ill. ;
Dimensions 27 cm.
440 #0 - SERIES STATEMENT/ADDED ENTRY--TITLE
Title Nano- and microscience, engineering, technology, and medicine series
9 (RLIN) 96237
505 ## - FORMATTED CONTENTS NOTE
Formatted contents note Introduction (Page-1), Modeling of Mechatronic Systems (Page-13), Control of Mechatronic Systems (Page-55), Integrated Circuits, Power Electronics, and Power Converters (Page-159), Direct-Current Miniscale Machines (Page-201), Induction Mini- and Microscale Machines (Page-243), Synchronous Mini- and Microscale Machines (Page-296),Mini- and Micro Electro Mechanical and Mechatronic Systems (Page-333), Electroactive and Magnetoactive Materials (Page-357), Induced-Strain Actuators (Page-417), Piezoelectric Wafer Active Sensors (Page-509), Microcontrollers for Sensing, Actuation, and Process Control (Page-697).
650 #0 - SUBJECT ADDED ENTRY--TOPICAL TERM
Topical term or geographic name entry element Mechatronics.
650 #0 - SUBJECT ADDED ENTRY--TOPICAL TERM
Topical term or geographic name entry element Microelectromechanical systems.
700 1# - ADDED ENTRY--PERSONAL NAME
Personal name Lyshevski, Sergey Edward.
9 (RLIN) 69191
856 42 - ELECTRONIC LOCATION AND ACCESS
Materials specified Publisher description
Uniform Resource Identifier <a href="http://www.loc.gov/catdir/enhancements/fy0646/2003055801-d.html">http://www.loc.gov/catdir/enhancements/fy0646/2003055801-d.html</a>
942 ## - ADDED ENTRY ELEMENTS (KOHA)
Koha item type Reference
Source of classification or shelving scheme
Holdings
Withdrawn status Lost status Source of classification or shelving scheme Damaged status Not for loan Permanent Location Current Location Shelving location Date acquired Full call number Barcode Date last seen Price effective from Koha item type Public note
          Military College of Signals (MCS) Military College of Signals (MCS) Reference 12/12/2016 621,GIU MCS31123 12/08/2016 12/12/2016 Reference Almirah No.20, Shelf No.2
© 2023 Central Library, National University of Sciences and Technology. All Rights Reserved.